1998 1068 1859 1333 1594 1727 1700 1519 1984 1604 1611 1046 1195 1131 1959 1798 1601 1638 1685 1350 1336 1347 1606 1587 1198 1682 1895 1051 1465 1543 1970 1380 1206 1029 1991 1170 1457 1362 1384 1652 1139 1391 1062 1124 1626 1952 1006 1165 1350 1105 1574 1667 1793 1092 1978 1759 1078 1151 1592 1669 1943 1813 1954 1162 1171 1645 1543 1776 1341 1513 1613 1436 1420 1833 1864 1230 1123 1756 1020 1380 1186 1937 1336 1065 1580 1996 1850 1885 1020 1282 1219 1691 1555 1418 1365 1767 1824 1282 1415 BCNSPRNW ULIB Ver.6.0+V

เปลี่ยนเป็นภาษาไทย

Change to English
 แสดงรายละเอียดบรรณานุกรม
  กลับหน้าหลัก

Brief Record : Get Marc (ISO 2709) : E-mail record : QR code < ปิดหน้าต่าง
LEADER : 00000nam 2200000uu 4500
001    13399126120
003     ULIB
008    180611s2014||||th 000 0 tha d
020    ^a9781438002965 (pbk.)
050 00 ^aPE1128^bM3544B
100 1  ^aMatthiesen, Steven J.,^eauthor.
245 10 ^aBarron essential words for the TOEFL : test of Englishas a foreign language /^bSteven J. Matthiesen.
246 30 ^aEssential words for the TOEFL
250    ^a6th edition.
260    ^aNew York^bBarron Educational Series,Inc^c2014
300    ^a344 pages ;^c23 cm
500    ^aPrevious edition:^b2011.
500    ^aIncludes index.
650  0 ^aTest of English as a Foreign Language^vStudy guides.
650  0 ^aEnglish language^vTextbooks for foreign speakers.
650  0 ^aEnglish language^xExaminations^vStudy guides.
650  0 ^aVocabulary^xExaminations^vStudy guides.
945    ^p420^l0^i004208
945    ^p420^l0^i004209
999    ^aวรรณษา ชูชัยมงคล
รายการนี้ยังไม่มีแท็ก
คุณยังไม่ได้ล็อกอิน คุณสามารถมีกิจกรรมร่วมกับเว็บไซต์ได้ แต่ต้องล็อกอินก่อน ::
  ล็อกอิน

รายการสื่อสารสนเทศ

ลำดับที่ ประเภท เลขเรียก/บาร์โค้ด สถานที่ สถานะ
1. วิทยาศาสตร์การแพทย์ และสุขภาพ
หนังสือสำรอง
สถานะ=หนังสือสำรอง
PE1128 M3544B ฉ.1 
  Barcode: 004208
ห้องสมุดวิทยาเขตนครสวรรค์
►นวนิยาย:l:Fiction
บนชั้น
2. วิทยาศาสตร์การแพทย์ และสุขภาพ
วิทยาศาสตร์การแพทย์ และสุขภาพ
PE1128 M3544B ฉ.2 
  Barcode: 004209
ห้องสมุดวิทยาเขตนครสวรรค์
►นวนิยาย:l:Fiction
บนชั้น

BibComment


ยังไม่เคยถูกคอมเมนท์

คอมเมนท์ทรัพยากรรายการนี้
  คอมเมนท์: Barron essential..


 Copyright 2026. Bcnsprnw @Library